000 00518nmm a2200181Ia 4500
008 251105s9999||||xx |||||||||||||||||und||
020 _a9788433930019
041 _aspa
100 _aGubern, Lali
245 0 _aDos damas muy serias
264 _a[Madrid, España] :
_bEditorial Anagrama,
_c[Fecha de publicación no identificada]
300 _a0 páginas
490 _aCompactos
700 _aGubern, Lali
700 1 _a Bowles, Jane
856 _uhttps://public.digitaliapublishing.com/a/161853
942 _cCF
999 _c66524
_d66524